Los cátaros (Record no. 87514)

MARC details
000 -LEADER
campo de control de longitud fija 00789nam a2200253 i 4500
001 - NÚMERO DE CONTROL
campo de control 87514
003 - IDENTIFICADOR DE NÚMERO DE CONTROL
campo de control ES-MaACL
005 - FECHA Y HORA DE LA ÚLTIMA TRANSACCIÓN
campo de control 20230906175703.0
007 - CAMPO FIJO DE DESCRIPCIÓN FÍSICA--INFORMACIÓN GENERAL
campo de control de longitud fija t|
008 - DATOS DE LONGITUD FIJA--INFORMACIÓN GENERAL
campo de control de longitud fija 041222s1984 sp b |||| | spa d
020 ## - NÚMERO INTERNACIONAL ESTÁNDAR DEL LIBRO
Número Internacional Estándar del Libro 84-7423-234-1
080 ## - NÚMERO DE LA CLASIFICACIÓN DECIMAL UNIVERSAL
Número de la Clasificación Decimal Universal 273.233
100 1# - ENTRADA PRINCIPAL--NOMBRE DE PERSONA
Nombre de persona Labal, Paul.
9 (RLIN) 69198
245 14 - MENCIÓN DEL TÍTULO
Título Los cátaros
Resto del título : herejía y crisis social /
Mención de responsabilidad, etc. Paul Labal ; traducción de Octavi Pellissa.
260 ## - PUBLICACIÓN, DISTRIBUCIÓN, ETC.
Lugar de publicación, distribución, etc. Barcelona :
Nombre del editor, distribuidor, etc. Crítica,
Fecha de publicación, distribución, etc. [1984]
300 ## - DESCRIPCIÓN FÍSICA
Extensión 237 p. :
Otras características físicas map. ;
Dimensiones 20 cm.
490 1# - MENCIÓN DE SERIE
Mención de serie Serie general ;
Designación de volumen o secuencia 129.
Mención de serie Estudios y ensayos
504 ## - NOTA DE BIBLIOGRAFÍA, ETC.
Nota de bibliografía, etc. Bibliografía: p. [226]-234.
650 #4 - PUNTO DE ACCESO ADICIONAL DE MATERIA--TÉRMINO DE MATERIA
Término de materia o nombre geográfico como elemento de entrada Cátaros.
9 (RLIN) 10841
700 1# - ENTRADA AGREGADA--NOMBRE PERSONAL
Nombre de persona Pellissa, Octavi.
9 (RLIN) 90100
830 0# - PUNTO DE ACCESO ADICIONAL DE SERIE-TÍTULO UNIFORME
Título uniforme Serie general ;
Designación de volumen o secuencia 129.
Título uniforme Estudios y ensayos
9 (RLIN) 181534
852 ## - LOCALIZACIÓN
Ubicación ES-MaACL
Número de control de estantería L-7508
Holdings
Estatus retirado Estado de pérdida Estado de daño No para préstamo Biblioteca de origen Biblioteca actual Ubicación en estantería Fecha de adquisición Fuente de adquisición Total de préstamos Signatura topográfica completa Código de barras Visto por última vez Precio de reemplazo Tipo de ítem Koha
        Biblioteca del Ateneo de Madrid Biblioteca del Ateneo de Madrid Depósito 2 17/01/2008     L-7508 1091430 23/02/2023 23/02/2023 Libro impreso